Loading...

Sir C. P. remembered. /

Bibliographic Details
Main Author: Shakunthala Jagannathan
Language:Undetermined
Published: Mumbai : Vakils, Feffer and Simons Ltd. , 1999.
Subjects:
LEADER 00710nam a2200169Ia 4500
001 126836
008 170722s9999 xx 000 0 und d
020 |a 8187111275 
100 |a Shakunthala Jagannathan 
245 |a Sir C. P. remembered. / 
260 |a Mumbai :  |b Vakils, Feffer and Simons Ltd. ,  |c 1999. 
300 |a Ppx+214  |c 22cms 
653 |a Biography, C.P.Ramaswamy Iyer 
942 |c GEN 
999 |c 119611  |d 119611 
952 |0 0  |1 0  |4 0  |6 W_2M79_N9KRN91GB  |7 0  |8 KR  |9 169220  |a LIB  |b LIB  |d 2017-08-12  |o w2,M79 N9(KR)-N9;1(GB)  |p 234949  |r 2017-08-12  |v 180.00  |w 2017-08-12  |y GEN 
952 |0 0  |1 0  |4 0  |6 W_2M79_N9KRN91GB  |7 0  |8 GB  |9 169221  |a LIB  |b LIB  |d 2017-08-12  |l 3  |o w2,M79 N9(KR)-N9;1(GB)  |p 234950  |r 2020-11-20  |s 2020-11-13  |v 180.00  |w 2017-08-12  |y GEN